00358pab a2200121 454500008004000000100001800040245009700058260000900155300001300164362000800177650002000185773003100205180718b2005 xxu||||| |||| 00| 0 eng d aKalu, Kalu N. aCompeting ideals and the public agenda in medicare reform: the "garbage can" model revisited c2005 ap.23-56. aMar aHealth services aAdministration and Society